Normal view
MARC view
- TE-42
Entry Geographic Name
001 - CONTROL NUMBER
- control field: 131402
003 - CONTROL NUMBER IDENTIFIER
- control field: NUST
005 - DATE AND TIME OF LATEST TRANSACTION
- control field: 20251022114656.0
008 - FIXED-LENGTH DATA ELEMENTS
- fixed length control field: 251022|| aca||aabn | a|a d
040 ## - CATALOGING SOURCE
- Original cataloging agency: NUST
- Transcribing agency: NUST
151 ## - HEADING--GEOGRAPHIC NAME
- Geographic name: TE-42
670 ## - SOURCE DATA FOUND
- Source citation: Work cat.: (NUST)183543: Viqar , NC Sara (TE-42) 131401, Emulation of cooperative communication system on DSP boards /, 2009
